00496cam a2200145 a 4500020001800000082001500018100001800033245004800051260005700099300004300156500006200199650002300261650002700284856003900311 a978661050065904a541.39 DTB1 aDybkov, V. I.10aGrowth kinetics of chemical compound layers aCambridge :bCambridge International Science,c1998. a1 online resource (xi, 192 p. :bill.) aTitle from e-book title screen (viewed October 16, 2007). 0aChemical kinetics. 0aSolid state chemistry.40uhttp://www.myilibrary.com?id=50065